| 000 | 00518nam a22001937a 4500 | ||
|---|---|---|---|
| 003 | OSt | ||
| 005 | 20210923044949.0 | ||
| 008 | 170207b xxu||||| |||| 00| 0 eng d | ||
| 020 | _a0877797080 | ||
| 040 |
_aMMU _beng _cMMU _dMMU |
||
| 050 | _aPE1628.M36 1995 | ||
| 100 | _aWebster, Merriam | ||
| 245 |
_aMerriam webster collegiate dictionary/ _cMerriam webster |
||
| 250 | _a10 th ed. | ||
| 260 |
_aNew york: _bMerriam webster, _c1995. |
||
| 500 | _aIncludes index | ||
| 650 | _aDictionary | ||
| 942 |
_2lcc _cLOAN LOAN |
||
| 999 |
_c22152 _d22152 |
||